| 000 | 00948nam0a22002651 4500 | ||
|---|---|---|---|
| 001 | rc\326189 | ||
| 005 | 20250621035648.0 | ||
| 010 |
_a5-277-00494-7 _96500 |
||
| 035 | _a(NLR Aleph) 005560037 | ||
| 090 |
_a5901548 _c5901548 |
||
| 100 | _a20030307d1989 |||y0rusy50 ca | ||
| 101 | 0 | _arus | |
| 102 | _aRU | ||
| 105 | _aa ||||||||| | ||
| 200 | 1 | _aТранспортное обслуживание сельского населения агропромышленного комплекса | |
| 210 |
_aМ. _cТранспорт _d1989 |
||
| 215 |
_a164 с. _cил. _d21 |
||
| 300 | _aПеред вып. дан. авт.: Юшкявичюс Пранцишкус Владиславович | ||
| 320 | _aБиблиогр.: с. 161-163 (49 назв.) | ||
| 700 | 1 |
_aЮшкявичюс _bП.В. _gПранас Владиславович |
|
| 801 | 0 |
_aRU _bNLR _gpsbo |
|
| 801 | 1 |
_aRU _bELAR _2rusmarc |
|
| 852 |
_aNLR _j89-3/1152 |
||
| 942 | _cBOOK | ||
| 980 | _aNB | ||